Statistics for Inner Hebrides Map (easier version)

Click here to take the quiz!

General Stats

  • This quiz has been taken 42 times
  • The average score is 9 of 12

Answer Stats

Area (ha) Island % Correct
165,625Skye
100%
87,535Mull
100%
61,956Islay
100%
10,463Rùm
93%
36,692Jura
87%
3,049Eigg
80%
7,685Coll
73%
6,231Raasay
73%
7,834Tiree
67%
4,074Colonsay
67%
2,351Lismore
53%
2,483Scalpay
33%

Score Distribution

Percentile by Number Answered

Percent of People with Each Score

Your Score History

You have not taken this quiz